[Event "37th Greek Teams"]
[Site "Kallithea GRE"]
[Date "2009.07.05"]
[Round "2"]
[White "Kalaitzoglou,P"]
[Black "Dalaklis,G"]
[Result "0-1"]
[WhiteElo "2199"]
[BlackElo "2179"]
[EventDate "2009.07.03"]

1. e4 e5 2. Nf3 Nc6 3. Bc4 Nf6 4. Ng5 d5 5. exd5 Na5 6. Bb5+ c6 7. dxc6
bxc6 8. Bd3 Nd5 9. Nf3 Bd6 10. Nc3 O-O 11. O-O f5 12. Be2 e4 13. Nxd5 cxd5
14. Nd4 f4 15. f3 Bc5 16. c3 Nc6 17. Kh1 Bxd4 18. cxd4 Nxd4 19. b3 Nxe2 20.
Qxe2 Qf6 21. Ba3 Ba6 22. Qf2 Bxf1 23. Rxf1 Rfe8 24. fxe4 dxe4 25. Bc5 e3
26. Qe2 Qe5 27. b4 a5 28. a3 axb4 29. Bxb4 Rad8 30. Bc3 Qe6 31. dxe3 fxe3
32. h3 Qe4 33. Kh2 Rd7 34. Re1 h6 35. Qa2+ Qe6 36. Qxe6+ Rxe6 37. Re2 Rd3
38. Bb4 Kf7 39. Kg3 Rb3 40. Kf3 Rf6+ 41. Ke4 Rf2 42. Rxe3 Rxe3+ 43. Kxe3
Rxg2 44. Kf3 Rb2 45. Kg3 Kg6 46. Bf8 Rb3+ 47. Kg2 Rb5 48. Bd6 Kh5 49. Bb4
g5 50. Kg3 Rd5 51. Kg2 Rd3 52. Bc5 Rd2+ 53. Kg3 Rc2 54. Bb4 Rc4 55. Kg2 Kg6
56. Bf8 Rc8 57. Bd6 Kf5 58. Bb4 h5 59. Kg3 Rc2 60. Bd6 Rd2 61. Bc7 Rd3+ 62.
Kg2 Rxa3 63. Bd6 Rd3 64. Bc7 Ke4 65. Bb8 Rd2+ 66. Kg1 Kf3 67. Bc7 g4 0-1

[Event "37th Greek Teams"]
[Site "Kallithea GRE"]
[Date "2009.07.05"]
[Round "2"]
[White "Skaraki,A"]
[Black "Zawadzka,J"]
[Result "0-1"]
[WhiteElo "1744"]
[BlackElo "2387"]
[EventDate "2009.07.03"]

1. e4 c5 2. Nf3 Nc6 3. d4 cxd4 4. Nxd4 Nf6 5. Nc3 d6 6. Be2 e5 7. Nb3 h6 8.
O-O Be7 9. Be3 O-O 10. h3 Be6 11. Qd2 a5 12. Bb5 Na7 13. Bd3 Nc8 14. a4 Nb6
15. Rfd1 Nc4 16. Bxc4 Bxc4 17. f3 Qd7 18. Qf2 Qc6 19. Rd2 d5 20. exd5 Nxd5
21. Nxd5 Bxd5 22. Rad1 Be6 23. Nc5 Bf5 24. Nd7 Rfe8 25. Nxe5 Qxa4 26. b3
Qh4 27. Bb6 Qxf2+ 28. Kxf2 Bb4 29. Re2 Bxc2 30. Rxc2 Rxe5 31. Rc7 Rb5 32.
Be3 Bf8 33. Rd3 Re8 34. Ba7 b6 35. Rb7 Rb4 36. Kg3 Bc5 37. Rc7 h5 38. h4
Re2 39. Rc8+ Kh7 40. f4 Re3+ 41. Rxe3 Bxe3 42. Rc3 Bxf4+ 43. Kf3 Be5 44.
Re3 f6 45. g3 Kg6 46. Kg2 Kf5 47. Kf3 g5 48. hxg5 fxg5 49. Kg2 Bd4 50. Rf3+
Ke4 51. Bb8 a4 52. bxa4 Rb2+ 0-1

[Event "37th Greek Teams"]
[Site "Kallithea GRE"]
[Date "2009.07.05"]
[Round "2"]
[White "Sirnioti,A"]
[Black "Hristodoulaki,A"]
[Result "0-1"]
[WhiteElo "1482"]
[BlackElo "1885"]
[EventDate "2009.07.03"]

1. e4 c5 2. Nf3 Nc6 3. Nc3 g6 4. Bb5 Bg7 5. O-O a6 6. Bxc6 dxc6 7. d3 Nf6
8. Be3 b6 9. h3 O-O 10. Qd2 Be6 11. Nh2 Qd7 12. f4 Ne8 13. Qf2 Bd4 14. a3
Bxe3 15. Qxe3 Qd4 16. Rae1 Qxe3+ 17. Rxe3 Nd6 18. Ref3 b5 19. f5 Bd7 20.
fxg6 hxg6 21. b3 Be6 22. Rf4 Rad8 23. h4 Kg7 24. Nf3 f6 25. Nd2 Nf7 26. Ne2
Ne5 27. Ng3 Nxd3 28. R4f3 Ne5 29. R3f2 Rh8 30. h5 gxh5 31. Nf5+ Kf7 32. Rd1
c4 33. Rff1 Rd7 34. bxc4 Rhd8 35. Rf2 Bxf5 36. exf5 Nxc4 37. Re2 Rxd2 38.
Rde1 Rxe2 39. Rxe2 Nxa3 40. Kf2 Rd5 0-1

[Event "37th Greek Teams"]
[Site "Kallithea GRE"]
[Date "2009.07.05"]
[Round "2"]
[White "Ballas,K"]
[Black "Serntedakis,A"]
[Result "0-1"]
[WhiteElo "1859"]
[BlackElo "1960"]
[EventDate "2009.07.03"]

1. d4 d5 2. c4 c6 3. Nf3 Nf6 4. e3 e6 5. Nc3 Nbd7 6. Bd3 dxc4 7. Bxc4 b5 8.
Bd3 Bb7 9. e4 a6 10. O-O c5 11. e5 Nd5 12. Ne4 h6 13. dxc5 Nxc5 14. Nxc5
Bxc5 15. Be4 Qb6 16. a3 Nc3 17. bxc3 Bxe4 18. Nd4 Bxd4 19. cxd4 O-O 20. Be3
Qb7 21. Qg4 Kh7 22. Rac1 Rac8 23. Rc5 Rxc5 24. dxc5 Rd8 25. f3 Bc6 26. Qb4
Rd5 27. Qc3 Qd7 28. Re1 Kg8 29. Re2 Rd1+ 30. Kf2 Qd3 31. Qa5 Bd5 32. Rd2
Rf1+ 33. Kg3 Qxe3 0-1

[Event "37th Greek Teams"]
[Site "Kallithea GRE"]
[Date "2009.07.05"]
[Round "2"]
[White "Papadogiannis,S"]
[Black "Pantelidis,H"]
[Result "1-0"]
[WhiteElo "1937"]
[BlackElo "1657"]
[EventDate "2009.07.03"]

1. e4 d6 2. d4 Nf6 3. Nc3 g6 4. f4 Bg7 5. Nf3 O-O 6. Be2 Na6 7. O-O c5 8.
e5 dxe5 9. dxe5 Nd7 10. Be3 f6 11. Bxa6 Kh8 12. exf6 exf6 13. Bb5 b6 14.
Qd5 Rb8 15. Rad1 Rb7 16. f5 g5 17. Ne4 h6 18. Nd6 Rc7 19. Nxc8 Qxc8 20.
Bxd7 Rxd7 21. Qxd7 Qxd7 1-0

[Event "37th Greek Teams"]
[Site "Kallithea GRE"]
[Date "2009.07.05"]
[Round "2"]
[White "Naoum,S"]
[Black "Ballas,A"]
[Result "1-0"]
[WhiteElo "1792"]
[BlackElo "1542"]
[EventDate "2009.07.03"]

1. d4 Nf6 2. c4 g6 3. Nc3 d5 4. cxd5 Nxd5 5. e4 Nxc3 6. bxc3 Bg7 7. Bc4 c5
8. Be3 Nc6 9. Ne2 Na5 10. Bb5+ Bd7 11. Qa4 b6 12. dxc5 Bxb5 13. Qxb5+ Qd7
14. Qxd7+ Kxd7 15. cxb6 Nc4 16. b7 Rab8 17. Rd1+ Kc7 18. Bxa7 Rxb7 19. Bc5
Ra8 20. Nd4 e5 21. Nf3 Rxa2 22. O-O Rbb2 23. Rd5 Rc2 24. Bb4 Kb6 25. Rfd1
Rxf2 26. Bc5+ Kb7 27. Bxf2 Bh6 28. Rb1+ Ka6 29. Rd8 1-0

[Event "37th Greek Teams"]
[Site "Kallithea GRE"]
[Date "2009.07.05"]
[Round "3"]
[White "Papaioannou,I"]
[Black "Nikolaidis,I"]
[Result "1/2-1/2"]
[WhiteElo "2624"]
[BlackElo "2529"]
[EventDate "2009.07.03"]

1. e4 e5 2. Nf3 Nf6 3. Nxe5 d6 4. Nf3 Nxe4 5. d3 Nf6 6. d4 Be7 7. Be2 O-O
8. O-O c6 9. c4 Bf5 10. Nc3 Ne4 11. Be3 Nxc3 12. bxc3 1/2-1/2

[Event "37th Greek Teams"]
[Site "Kallithea GRE"]
[Date "2009.07.05"]
[Round "3"]
[White "Zahariev,Z"]
[Black "Halkias,S"]
[Result "0-1"]
[WhiteElo "2399"]
[BlackElo "2564"]
[EventDate "2009.07.03"]

1. e4 c5 2. Nf3 e6 3. Nc3 Nc6 4. Bb5 Nd4 5. Bc4 a6 6. a4 Nf6 7. e5 d5 8.
exf6 dxc4 9. fxg7 Bxg7 10. d3 cxd3 11. Qxd3 Bd7 12. Nxd4 cxd4 13. Qg3 Rg8
14. Ne4 Bc6 15. Qf4 Qa5+ 16. Bd2 Qe5 17. f3 f5 18. Qxe5 Bxe5 19. Ng5 Bd5
20. O-O Bf6 21. f4 e5 22. Rae1 h6 23. Nf3 e4 24. c3 O-O-O 0-1

[Event "37th Greek Teams"]
[Site "Kallithea GRE"]
[Date "2009.07.05"]
[Round "3"]
[White "Skembris,S"]
[Black "Pavlidis,Ana"]
[Result "1-0"]
[WhiteElo "2452"]
[BlackElo "2348"]
[EventDate "2009.07.03"]

1. d4 Nf6 2. c4 g6 3. Nf3 Bg7 4. g3 O-O 5. Bg2 d6 6. O-O Nbd7 7. Nc3 e5 8.
h3 c6 9. e4 Qb6 10. Re1 Re8 11. d5 cxd5 12. cxd5 Nc5 13. Rb1 a5 14. Be3 Bd7
15. Nd2 Qc7 16. Qe2 a4 17. Rec1 Qb8 18. b4 axb3 19. Nxb3 Rc8 20. Nxc5 dxc5
21. Qb2 Rc7 22. Nb5 Bxb5 23. Qxb5 Nd7 24. d6 Rc6 25. Qxc6 bxc6 26. Rxb8+
Rxb8 27. h4 Bf8 28. Bh3 Rd8 29. Bxd7 Rxd7 30. Bxc5 f6 31. a4 Kf7 32. a5
Bxd6 33. Bb6 Bc7 34. Rxc6 Bxb6 35. axb6 Rd1+ 36. Kg2 Kg7 37. g4 Kh6 38.
Rxf6 Rb1 39. Rc6 Rb2 40. Kg3 Rb1 41. f3 Rg1+ 42. Kf2 Rb1 43. Rd6 Rb2+ 44.
Kg3 Kg7 45. Rd7+ Kf6 46. g5+ Ke6 47. Rxh7 Rxb6 48. Rg7 1-0

[Event "37th Greek Teams"]
[Site "Kallithea GRE"]
[Date "2009.07.05"]
[Round "3"]
[White "Kouvatsos,F"]
[Black "Kazantzidis,I"]
[Result "0-1"]
[WhiteElo "2093"]
[BlackElo "2106"]
[EventDate "2009.07.03"]

1. d4 d5 2. Nf3 Nf6 3. c4 c5 4. cxd5 cxd4 5. Nxd4 Nxd5 6. e4 Nb4 7. Bb5+
Bd7 8. O-O e5 9. a3 exd4 10. Bxd7+ Qxd7 11. axb4 Bxb4 12. Nd2 Nc6 13. Nf3
O-O 14. Qd3 Rfe8 15. Rd1 Qe7 16. Nxd4 Nxd4 0-1

[Event "37th Greek Teams"]
[Site "Kallithea GRE"]
[Date "2009.07.05"]
[Round "3"]
[White "Botsari,A"]
[Black "Kouvatsou,M"]
[Result "1-0"]
[WhiteElo "2298"]
[BlackElo "2156"]
[EventDate "2009.07.03"]

1. d4 Nf6 2. c4 g6 3. Nc3 d5 4. cxd5 Nxd5 5. Bd2 Bg7 6. e4 Nb6 7. Be3 c6 8.
Qd2 Be6 9. b3 a5 10. Rd1 h6 11. Nge2 a4 12. d5 cxd5 13. exd5 Bf5 14. Ng3
N8d7 15. Nxf5 gxf5 16. Bd4 Bxd4 17. Qxd4 Rg8 18. bxa4 Kf8 19. g3 Qc7 20.
Bb5 Qe5+ 21. Qxe5 Nxe5 22. Ke2 Nbc4 23. f4 Ng4 24. Bxc4 1-0

[Event "37th Greek Teams"]
[Site "Kallithea GRE"]
[Date "2009.07.05"]
[Round "3"]
[White "Pavlidou,E"]
[Black "Manelidou,M"]
[Result "1/2-1/2"]
[WhiteElo "2179"]
[BlackElo "2008"]
[EventDate "2009.07.03"]

1. d4 e6 2. c4 f5 3. g3 Nf6 4. Bg2 c6 5. Nf3 d5 6. O-O Bd6 7. b3 O-O 8. Ba3
b6 9. Bxd6 Qxd6 10. Ne5 Bb7 11. e3 Nbd7 12. f4 Ne4 13. Nd2 Nxe5 14. fxe5
Qb4 15. Nxe4 fxe4 16. Qe1 Rxf1+ 17. Bxf1 Qxe1 18. Rxe1 Kf7 19. Rc1 Rc8 20.
cxd5 cxd5 21. Rxc8 Bxc8 22. Kf2 Ke7 23. Ke1 Kd8 24. Kd2 Kc7 25. Kc3 Bd7 26.
Be2 Kb7 27. a3 Kc7 28. h4 Kb7 29. Kd2 Kc7 30. Ke1 Kd8 31. Bf1 Ke7 32. Kd2
Kd8 33. Kc3 Kc7 34. Kb4 Kb7 35. Be2 Kc7 36. Ba6 Bc6 37. a4 Be8 38. a5 Bh5
39. Bf1 Bg4 40. Kb5 Kb7 41. axb6 axb6 42. Kb4 Kb8 43. Bb5 Kc7 44. Kc3 Bd1
1/2-1/2

[Event "37th Greek Teams"]
[Site "Kallithea GRE"]
[Date "2009.07.05"]
[Round "3"]
[White "Vatkali,D"]
[Black "Fragaki,M"]
[Result "1/2-1/2"]
[WhiteElo "1865"]
[BlackElo "1852"]
[EventDate "2009.07.03"]

1. e4 c5 2. Nf3 e6 3. c4 b6 4. Nc3 Bb7 5. d4 cxd4 6. Nxd4 a6 7. Be3 Qc7 8.
Rc1 Nf6 9. f3 Bd6 10. g3 h5 11. Qd2 Bc5 12. a3 Nc6 13. b4 Bxd4 14. Bxd4 h4
15. Bf2 Ne5 16. Be2 hxg3 17. Bxg3 d6 18. Na4 Rh3 19. Qd4 Rb8 20. Rd1 Nh5
21. Rg1 Nxg3 22. hxg3 Rd8 23. Qxb6 Qxb6 24. Nxb6 f5 25. f4 Ng4 26. Bxg4
fxg4 27. Rd4 Rh2 28. Kf1 Ra2 29. a4 e5 30. fxe5 dxe5 31. Rxd8+ Kxd8 32. Rg2
Ra1+ 33. Ke2 Bxe4 34. Rf2 Ra3 35. Rf7 Rxg3 36. Rxg7 Bf3+ 37. Kf2 Rg2+ 38.
Kf1 e4 39. Nd5 Ra2 40. c5 e3 41. Nxe3 Rxa4 42. Nxg4 Rxb4 43. Ne5 Rf4 44.
Rg8+ 1/2-1/2

[Event "37th Greek Teams"]
[Site "Kallithea GRE"]
[Date "2009.07.05"]
[Round "3"]
[White "Sandalakis,N"]
[Black "Pavlidis,Ant"]
[Result "0-1"]
[WhiteElo "1892"]
[BlackElo "2360"]
[EventDate "2009.07.03"]

1. e4 c5 2. Nf3 e6 3. d4 cxd4 4. Nxd4 Nc6 5. Nc3 a6 6. Be3 Nf6 7. Nxc6 bxc6
8. Bd3 d5 9. O-O d4 10. Bxd4 Qxd4 11. Ne2 Qxb2 0-1

[Event "37th Greek Teams"]
[Site "Kallithea GRE"]
[Date "2009.07.05"]
[Round "3"]
[White "Skoulakis,C"]
[Black "Balomenakis,H"]
[Result "1-0"]
[WhiteElo "2132"]
[BlackElo "1876"]
[EventDate "2009.07.03"]

1. e4 c5 2. Nf3 e6 3. c4 b6 4. Nc3 Bb7 5. Be2 d6 6. d4 cxd4 7. Nxd4 a6 8.
Be3 Nf6 9. f3 Be7 10. O-O O-O 11. Qd2 Nbd7 12. Rac1 Rc8 13. Rfd1 Qc7 14. b4
Qb8 15. Nb3 Rfd8 16. Bf1 Ba8 17. Qf2 Qb7 18. Na4 Rb8 19. Bf4 Ne5 20. c5
bxc5 21. bxc5 Nh5 22. cxd6 Bxd6 23. Rxd6 Nxf4 24. Rxd8+ Rxd8 25. Qh4 Qd7
26. Nac5 Nfg6 27. Nxd7 Nxh4 28. Nxe5 1-0

[Event "37th Greek Teams"]
[Site "Kallithea GRE"]
[Date "2009.07.05"]
[Round "3"]
[White "Kazakos,E"]
[Black "Kafetzis,G"]
[Result "1/2-1/2"]
[WhiteElo "1981"]
[BlackElo "1892"]
[EventDate "2009.07.03"]

1. e4 c5 2. Nf3 e6 3. d4 cxd4 4. Nxd4 Nc6 5. Nc3 Qc7 6. Be3 a6 7. Qd2 Nf6
8. O-O-O Bb4 9. f3 Ne5 10. Nb3 b5 11. Bf4 Nh5 12. Bxe5 Qxe5 13. Qd4 Qxd4
14. Rxd4 Be7 15. e5 Bg5+ 16. Kb1 Bf4 17. Re4 Bb7 18. Re1 f6 19. exf6 Nxf6
20. Bd3 O-O 21. Nc5 Bc6 22. N3e4 Nd5 23. c3 Bc7 24. Rd1 Nf4 25. Bf1 d6 26.
Nb3 e5 27. g3 Ne6 28. Bh3 Bxe4+ 29. fxe4 Ng5 30. Bg2 Rf2 31. Rd2 Rxd2 32.
Nxd2 Rf8 33. Rf1 Bb6 34. Kc2 Rxf1 35. Bxf1 Be3 36. a4 Bxd2 37. Kxd2 bxa4
38. Ke3 Ne6 39. Bxa6 Nc5 1/2-1/2

[Event "37th Greek Teams"]
[Site "Kallithea GRE"]
[Date "2009.07.05"]
[Round "3"]
[White "Wagner,De"]
[Black "Kalogeris,I"]
[Result "1/2-1/2"]
[WhiteElo "2061"]
[BlackElo "1843"]
[EventDate "2009.07.03"]

1. e4 c5 2. Nc3 d6 3. Nge2 Nc6 4. d4 cxd4 5. Nxd4 e6 6. Bc4 a6 7. Bb3 Na5
8. O-O Nxb3 9. axb3 Nf6 10. f4 Qc7 11. Be3 Be7 12. Qf3 O-O 13. Qg3 Kh8 14.
f5 b6 15. Rad1 Bd7 16. Qh3 b5 17. b4 Qc4 18. g4 e5 19. Nde2 Nxe4 20. Nxe4
Qxe4 21. Nc3 Qxc2 22. Rd2 Qb3 23. f6 Bxf6 24. Rxf6 gxf6 25. Nd5 Bxg4 26.
Qh6 Rg8 27. Qxf6+ Rg7 28. Bh6 Rag8 29. Bxg7+ Rxg7 30. Qd8+ Rg8 31. Qf6+ Rg7
32. Qd8+ Rg8 33. Qf6+ Rg7 34. Qd8+ 1/2-1/2

[Event "37th Greek Teams"]
[Site "Kallithea GRE"]
[Date "2009.07.05"]
[Round "3"]
[White "Ivanchuk,V"]
[Black "Postny,E"]
[Result "1-0"]
[WhiteElo "2703"]
[BlackElo "2647"]
[EventDate "2009.07.03"]

1. c4 c6 2. Nf3 d5 3. e3 Nf6 4. Nc3 a6 5. Qc2 Bg4 6. Ne5 Be6 7. d4 Nbd7 8.
Nd3 Nb6 9. c5 Nbd7 10. Nf4 Bg4 11. h3 Bh5 12. Nxh5 Nxh5 13. Bd2 g6 14. Be2
Ng7 15. e4 dxe4 16. Nxe4 Nf5 17. Bc3 Bg7 18. O-O-O Qc7 19. Kb1 O-O 20. h4
e6 21. h5 Rfd8 22. hxg6 hxg6 23. Qd2 Nf8 24. d5 e5 25. Ba5 Qe7 26. d6 Qe6
27. Ng5 Qe8 28. Bc4 Rd7 29. Rh3 Nd4 30. Rdh1 Nfe6 31. Bb6 Nf4 32. Rh7 Nd5
33. Qd3 f6 34. Nf3 Nxf3 35. Bxd5+ cxd5 36. Qxd5+ Qf7 37. Qxf3 f5 38. Qh3
Qf6 39. Qb3+ Qf7 40. Qh3 Qf6 41. Bc7 e4 42. Qb3+ Qf7 43. Rxg7+ Kxg7 44.
Qc3+ 1-0

[Event "37th Greek Teams"]
[Site "Kallithea GRE"]
[Date "2009.07.05"]
[Round "3"]
[White "Kritz,L"]
[Black "Macieja,B"]
[Result "1-0"]
[WhiteElo "2589"]
[BlackElo "2612"]
[EventDate "2009.07.03"]

1. e4 c5 2. Nf3 e6 3. d4 cxd4 4. Nxd4 Nc6 5. Nb5 d6 6. c4 Nf6 7. N1c3 a6 8.
Na3 b6 9. Be2 Bb7 10. O-O Nb8 11. f3 Nbd7 12. Be3 Be7 13. Qd2 Rc8 14. Rfd1
Qc7 15. Rac1 O-O 16. Bf1 Qb8 17. Kh1 Rfe8 18. Nc2 Bd8 19. Bg1 Bc7 20. Ne3
Kh8 21. h3 Ne5 22. Bh2 Rcd8 23. Ng4 Nfd7 24. Nxe5 Nxe5 25. Qc2 Rc8 26. Qb3
Bc6 27. Bg1 Qb7 28. Rd2 Rb8 29. Qc2 Rbc8 30. a4 Red8 31. b4 Be8 32. Qb3 h6
33. Be3 Bb8 34. f4 Nd7 35. Rcd1 Bc7 36. Bd3 Nf6 37. Bb1 Nd7 38. Qc2 Nf8 39.
Qd3 Rd7 40. Qe2 Qb8 41. f5 Bd8 42. Rf1 Qc7 43. fxe6 Nxe6 44. Nd5 Qc6 45. b5
axb5 46. axb5 Qb7 47. Qd3 Nf8 48. Bd4 Ng6 49. e5 dxe5 50. Bxe5 Bg5 51. Re2
Rdd8 52. Qd4 f6 53. Bg3 Bxb5 54. cxb5 Rxd5 55. Qg4 Nf8 56. Be4 Rc4 57. Qf3
Rxe4 58. Qxe4 Qd7 59. h4 Bd2 60. Rd1 Kg8 61. Qc2 Qg4 62. Qb3 Ne6 63. Qxd5
Qxe2 64. Rxd2 1-0

[Event "37th Greek Teams"]
[Site "Kallithea GRE"]
[Date "2009.07.05"]
[Round "3"]
[White "Tzermiadianos,An"]
[Black "Stavrianakis,I"]
[Result "1/2-1/2"]
[WhiteElo "2447"]
[BlackElo "2240"]
[EventDate "2009.07.03"]

1. e4 c5 2. c3 d5 3. exd5 Qxd5 4. d4 e6 5. Nf3 Nf6 6. Bd3 Be7 7. O-O O-O 8.
Qe2 Nc6 9. Rd1 cxd4 10. cxd4 b6 11. Nc3 Qd6 12. Bg5 Bb7 13. Ne4 Nxe4 14.
Qxe4 f5 15. Bxe7 Qxe7 16. Qe2 Rad8 17. Bc4 Rfe8 18. Rd2 Qf6 19. Rad1 h6 20.
a3 Kh7 21. b4 Nb8 22. Qe3 Bxf3 23. Qxf3 Rd6 24. b5 Red8 25. Qe3 Nd7 26. f4
Nf8 27. g3 Kh8 28. d5 exd5 29. Rxd5 Rxd5 30. Rxd5 Rxd5 31. Bxd5 Qa1+ 32.
Kg2 Qb2+ 33. Kh3 Qxb5 34. Qe5 Qd7 35. Bb3 Kh7 36. Bd5 Ng6 37. Qd4 Kh8 38.
Qc4 Ne7 39. Bf3 Qd6 40. a4 Kh7 41. Qf7 a5 42. Be2 1/2-1/2

[Event "37th Greek Teams"]
[Site "Kallithea GRE"]
[Date "2009.07.05"]
[Round "3"]
[White "Parginos,V"]
[Black "Gavrilakis,N"]
[Result "0-1"]
[WhiteElo "2196"]
[BlackElo "2412"]
[EventDate "2009.07.03"]

1. d4 g6 2. c4 Bg7 3. Nc3 c5 4. d5 Bxc3+ 5. bxc3 f5 6. e4 fxe4 7. f3 e5 8.
h4 Nf6 9. Bh6 d6 10. fxe4 Ng4 11. Bg5 Qa5 12. Qd2 h6 13. Be3 Nd7 14. Ne2
Ndf6 15. Ng3 Nxe3 16. Qxe3 Ng4 17. Qd2 O-O 18. Be2 Kg7 19. Bf3 Bd7 20. h5
g5 21. O-O Nf6 22. Be2 Rf7 23. Qe3 Raf8 24. Rf5 Ng8 25. Bg4 Bxf5 26. Bxf5
Ne7 27. Kh2 Nxf5 28. exf5 Qd8 29. Qe4 Qd7 30. Rf1 Rf6 31. Kh3 Kf7 32. Kg4
Qa4 33. Qe2 b5 34. Ne4 Rb8 35. Rb1 b4 36. Rb2 a5 37. Qd3 Rb6 38. cxb4 Rxb4
39. Rxb4 Qxb4 40. a3 Qb2 41. g3 Ke7 42. Qe3 Qc2 43. Qe1 Qxc4 44. Qb1 Qxd5
45. Nc3 Qc4+ 46. Kh3 g4+ 47. Kh4 Qxc3 48. Qb7+ Kf8 49. Qc8+ Kg7 50. a4 Qb3
51. Qd7+ Qf7 52. Qc8 Qe7 53. Kxg4 Rf8 0-1

[Event "37th Greek Teams"]
[Site "Kallithea GRE"]
[Date "2009.07.05"]
[Round "3"]
[White "Mihailidis,A"]
[Black "Papadakis,M"]
[Result "1/2-1/2"]
[WhiteElo "2260"]
[BlackElo "2123"]
[EventDate "2009.07.03"]

1. e4 c5 2. c3 d5 3. exd5 Qxd5 4. d4 e6 5. Nf3 Nf6 6. Bd3 Be7 7. O-O O-O 8.
Be3 Nc6 9. dxc5 Rd8 10. Be2 Qf5 11. Nd4 Nxd4 12. cxd4 e5 13. Bd3 Qe6 14.
Re1 exd4 15. Bxd4 Qd5 16. Bc3 Be6 17. Bc2 Qxc5 18. Nd2 Rd7 19. Qe2 Rad8 20.
Ne4 Nxe4 21. Qxe4 Qh5 22. Bb3 Bxb3 23. axb3 a6 24. Ra5 Qg6 25. Qe3 h6 26.
h3 Bg5 27. Qf3 Qb6 28. Rae5 Rf8 29. Qg4 Qd8 30. Bb4 Rd4 31. R5e4 f5 32.
Rxd4 fxg4 33. Rxd8 Rxd8 34. hxg4 Rd4 35. Bc3 Rxg4 36. Re8+ Kh7 37. Rb8 b5
38. Rb6 Bc1 39. b4 Rg6 40. Rb7 Bg5 41. Ra7 1/2-1/2

[Event "37th Greek Teams"]
[Site "Kallithea GRE"]
[Date "2009.07.05"]
[Round "3"]
[White "Markantonaki,H"]
[Black "Papadopoulou,V"]
[Result "0-1"]
[WhiteElo "2108"]
[BlackElo "2160"]
[EventDate "2009.07.03"]

1. e4 c5 2. Nf3 d6 3. d4 cxd4 4. Nxd4 Nf6 5. Nc3 a6 6. Bc4 e6 7. Bb3 b5 8.
Qf3 Qb6 9. Be3 Qb7 10. O-O-O Nbd7 11. Rhe1 Nc5 12. Bg5 Be7 13. Bxf6 Bxf6
14. Qg3 b4 15. Nf5 Nxb3+ 16. axb3 O-O 17. Nxd6 Qe7 18. Na4 Bb7 19. Nxb7
Qxb7 20. e5 Be7 21. Rd4 Rac8 22. Red1 Qc6 23. R1d2 Rc7 24. Rc4 Qb7 25. Rxc7
Qxc7 26. Rd4 Qc6 27. Qg4 Qb5 28. f4 Qc6 29. Qe2 g6 30. Qd2 Rb8 31. Rc4 Qb5
32. Kb1 Rd8 33. Qe2 Kg7 34. Qe4 Rd1+ 35. Ka2 Qd7 36. Qe2 Rd2 37. Qf3 Qa7
38. Qf1 Qe3 39. Qc1 Qe2 40. Re4 Qxg2 41. Re1 Rxc2 42. Qe3 Qxh2 43. Rc1 Qd2
44. Qxd2 Rxd2 45. Rc7 Bf8 46. Nb6 h5 47. Nd7 Be7 48. Nb8 Bd8 49. Rb7 a5 50.
Nc6 h4 51. Rb8 h3 52. Nxd8 h2 53. Nxe6+ fxe6 54. Rb7+ Kh6 55. Rb8 Kh5 56.
Rg8 Rg2 57. f5 gxf5 58. Rh8+ Kg4 59. Rh7 Kg3 60. Rh6 Kf2 0-1

[Event "37th Greek Teams"]
[Site "Kallithea GRE"]
[Date "2009.07.05"]
[Round "3"]
[White "Iordanidou,Z"]
[Black "Alexiou,Dimitra"]
[Result "1-0"]
[WhiteElo "2114"]
[BlackElo "1759"]
[EventDate "2009.07.03"]

1. e4 e5 2. Bc4 Nf6 3. d3 Nc6 4. Nc3 Be7 5. f4 d6 6. Nf3 Bg4 7. h3 Bxf3 8.
Qxf3 Qd7 9. f5 Bf8 10. Be3 O-O-O 11. O-O-O a6 12. g4 g6 13. fxg6 Bg7 14. g5
fxg6 15. gxf6 Rdf8 16. fxg7 Qxg7 17. Qg4+ Kb8 18. Rdf1 Rxf1+ 19. Rxf1 Rf8
20. Rxf8+ Qxf8 21. Qd7 1-0

[Event "37th Greek Teams"]
[Site "Kallithea GRE"]
[Date "2009.07.05"]
[Round "3"]
[White "Dimopoulos,D"]
[Black "Bellos,I"]
[Result "1-0"]
[WhiteElo "1906"]
[BlackElo "1664"]
[EventDate "2009.07.03"]

1. e4 e5 2. Nf3 Nc6 3. Bc4 Bc5 4. c3 Nf6 5. d3 a6 6. O-O Ba7 7. Bb3 d6 8.
Nbd2 O-O 9. h3 h6 10. Re1 Nh5 11. Nf1 Qf6 12. Be3 Nf4 13. Ng3 g5 14. Bc2
Ne7 15. d4 Neg6 16. Nf5 Kh7 17. Nh2 h5 18. Kh1 h4 19. g3 Ne6 20. Qh5+ Kg8
21. Ng4 1-0

[Event "37th Greek Teams"]
[Site "Kallithea GRE"]
[Date "2009.07.05"]
[Round "3"]
[White "Tzouganakis,P"]
[Black "Zeppos,P"]
[Result "1-0"]
[WhiteElo "2041"]
[BlackElo "1848"]
[EventDate "2009.07.03"]

1. e4 c5 2. Nf3 d6 3. d4 cxd4 4. Nxd4 Nf6 5. Nc3 g6 6. Be3 Bg7 7. f3 Nc6 8.
Qd2 O-O 9. O-O-O d5 10. exd5 Nxd5 11. Nxc6 bxc6 12. Nxd5 cxd5 13. Qxd5 Qc7
14. Qc5 Qb7 15. b3 Bf5 16. Bd3 Rfc8 17. Qa5 Bxd3 18. Rxd3 Qc6 19. c4 Rab8
20. Rhd1 h6 21. Bd4 Rb5 22. Qc3 Bxd4 23. Rxd4 e5 24. Rd8+ Rxd8 25. Rxd8+
Kg7 26. Kb2 Rc5 27. b4 Qc7 28. bxc5 Qxd8 29. Qxe5+ Kg8 30. Qd6 Qh4 31. Kb3
Qe1 32. c6 Qb1+ 33. Ka3 Qc1+ 34. Kb4 Qb2+ 35. Ka5 Qxa2+ 36. Kb5 Qb2+ 37.
Qb4 Qe5+ 38. Ka6 Qa1+ 39. Kb7 a5 40. Qb5 Kh7 41. c7 1-0

[Event "37th Greek Teams"]
[Site "Kallithea GRE"]
[Date "2009.07.05"]
[Round "3"]
[White "Ladopoulos,D"]
[Black "Stathopoulos,I"]
[Result "1/2-1/2"]
[WhiteElo "1810"]
[BlackElo "1909"]
[EventDate "2009.07.03"]

1. e4 c5 2. Nf3 d6 3. c3 Nf6 4. h3 g6 5. Bd3 Bg7 6. Bc2 O-O 7. O-O e5 8. d4
exd4 9. cxd4 Nc6 10. Nc3 Re8 11. Be3 cxd4 12. Nxd4 d5 13. Nxc6 bxc6 14.
exd5 Nxd5 15. Nxd5 cxd5 16. Bd4 Ba6 17. Bd3 Bxd4 18. Bxa6 Bxb2 19. Rb1 Rb8
20. Qd2 Qd6 21. Bc4 Red8 22. Rfd1 Bc3 23. Qxc3 Rxb1 24. Rxb1 Rc8 25. Qd4
Rxc4 26. Qxa7 Kg7 27. Qe3 d4 28. Qd3 Rc3 29. Qd2 Qc5 30. Rd1 Rc4 31. Qd3
Rc1 32. Kf1 Rxd1+ 33. Qxd1 Qc4+ 34. Qe2 d3 35. Qd2 Qd4 36. Ke1 Qe4+ 37. Kf1
f6 38. Qe3 Qc4 39. Qd2 Qc2 40. Ke1 Qb1+ 41. Qd1 Qb4+ 42. Qd2 Qd4 43. a4
Qe4+ 44. Kf1 1/2-1/2

[Event "37th Greek Teams"]
[Site "Kallithea GRE"]
[Date "2009.07.05"]
[Round "3"]
[White "Kryvoruchko,Y"]
[Black "Miroshnichenko,E"]
[Result "1/2-1/2"]
[WhiteElo "2611"]
[BlackElo "2696"]
[EventDate "2009.07.03"]

1. e4 e5 2. Nf3 Nc6 3. Bb5 Nf6 4. d3 Bd6 5. Nbd2 a6 6. Bxc6 dxc6 7. h3 c5
8. Nc4 Nd7 9. a4 a5 10. O-O O-O 11. Be3 b6 12. Nfd2 f6 13. f4 exf4 14. Bxf4
Bxf4 15. Rxf4 Ne5 1/2-1/2

[Event "37th Greek Teams"]
[Site "Kallithea GRE"]
[Date "2009.07.05"]
[Round "3"]
[White "Wojtaszek,R"]
[Black "Ninov,N"]
[Result "1/2-1/2"]
[WhiteElo "2637"]
[BlackElo "2562"]
[EventDate "2009.07.03"]

1. d4 Nf6 2. c4 e6 3. Nc3 Bb4 4. Nf3 c5 5. g3 b6 6. dxc5 bxc5 7. Bg2 Bxc3+
8. bxc3 Bb7 9. Bf4 Nc6 10. Ne5 Nxe5 11. Bxb7 Rb8 12. Bxe5 Rxb7 13. O-O Rb6
14. Qa4 Ng4 15. Bf4 e5 16. Bc1 Qc8 17. f3 Ra6 18. Qc2 Nf6 19. Qf5 O-O 20.
Bg5 d6 21. Qd3 Nd7 22. a4 Re8 23. a5 h6 24. Bd2 1/2-1/2

[Event "37th Greek Teams"]
[Site "Kallithea GRE"]
[Date "2009.07.05"]
[Round "3"]
[White "Tsarouhas,K"]
[Black "Mastrovasilis,D"]
[Result "1/2-1/2"]
[WhiteElo "2226"]
[BlackElo "2567"]
[EventDate "2009.07.03"]

1. c4 e5 2. Nc3 Nf6 3. g3 c6 4. Bg2 d5 5. d4 exd4 6. Qxd4 Be6 7. cxd5 cxd5
8. Bg5 Be7 9. e3 Nc6 10. Qa4 O-O 11. Nge2 h6 12. Bxf6 Bxf6 13. Rd1 Qb6 14.
O-O Rad8 15. Nxd5 Bxd5 16. Rxd5 Rxd5 17. Bxd5 Qxb2 18. Nf4 Bg5 19. h4 Bxf4
20. Qxf4 Nb4 21. Bxb7 Nxa2 22. Ba6 Qb6 23. Bc4 Nc3 24. Qe5 Qb4 25. Qd4 a5
26. Rc1 Nb5 27. Qd3 Nd6 28. Ba2 Qb2 29. Rc2 Qe5 30. Rc6 Ne4 31. Kg2 Qf5 32.
Qc2 Qe5 33. Rc7 g6 34. Ra7 Kg7 35. Bb1 Re8 36. Qxe4 Qxe4+ 37. Bxe4 Rxe4 38.
Rxa5 h5 39. Ra6 f5 40. Kf3 Rb4 41. Rd6 Kf7 42. Rd4 Rb2 43. e4 fxe4+ 44.
Rxe4 Kf6 45. Rc4 1/2-1/2